[Event "EU-Cup 18th"]
[Site "Kallithea"]
[Date "2002.09.23"]
[Round "2.3"]
[White "Damljanovic, Branko"]
[Black "Kindermann, Stefan"]
[Result "1-0"]
[WhiteElo "2535"]
[BlackElo "2519"]
[Annotator "Ribli,Z"]
[PlyCount "91"]
[EventDate "2002.09.22"]
[EventType "team-swiss"]
[EventRounds "7"]
[EventCountry "GRE"]
[SourceTitle "CBM 092"]
[Source "ChessBase"]
[SourceDate "2003.02.06"]
[SourceVersion "1"]
[SourceVersionDate "2003.02.06"]
[SourceQuality "1"]
[WhiteTeam "Skopje Kisela Voda"]
[BlackTeam "Graz Merkur"]
[WhiteTeamCountry "MKD"]
[BlackTeamCountry "AUT"]

1. c4 f5 {Grossmeister Kindermann spielt gern die Holländische Eroeffnung.} 2.
g3 Nf6 3. Bg2 g6 4. Nc3 (4. d3 Bg7 5. e4 fxe4 6. dxe4 c6 7. Nc3 d6 8. Nge2 O-O
(8... Be6 9. b3 Qd7 10. h3 Na6 11. Be3 O-O 12. Qd2 Bh8 13. Rd1 Nc7 14. f4 {
1-0 Sunye Neto,J-Martins,C/Sao Paulo 1998/EXT 99 (28)}) 9. h3 Na6 10. Be3 Be6
11. b3 b5 12. cxb5 cxb5 13. O-O b4 14. Na4 Bd7 15. Rc1 {1-0 Giorgadze,T-De la
Riva Aguado,O/Linares 1991/EXT 2000 (41)}) 4... Bg7 5. d3 {Typisch fuer
Damljanovic - gewöhnlich vermeidet er die theoretischen Hauptlinien. Mit 5.d4
koennten wir die Leningrader Variante der Holländischen Eröffnung bekommen.} d6
6. e4 fxe4 (6... Nc6 7. Nge2 e5 8. O-O O-O) (6... e5) 7. dxe4 O-O 8. Nge2 c5 (
8... Nc6 9. O-O Be6 10. b3 Kh8 11. Rb1 Qc8 12. Nd5 Bh3 13. Nxf6 Bxg2 14. Kxg2
Rxf6 15. Be3 Qe6 16. Qd5 {1/2-1/2 Gerstenhauer,D-Tennstedt,A/GER 2000/EXT 2002
(28)}) (8... e5 9. O-O Be6 10. Nd5 Nh5 11. Qd3 Qd7 12. Be3 Na6 {1-0 Narciso
Dublan,M-Santo Roman,M/Maspalomas 2000/EXT 2001 (41)}) (8... Na6) 9. h3 {
Ein prophylaktischer Zug - im Falle von Be6-Qd7 kann Weiss Kh2 spielen, aber
ohne die Textfortsetzung wäre in einigen Varianten der Läufertausch durch Bh3
möglich. Die andere Idee des Zugs ist, dass Weiss im Falle von f2-f4 Bg4
verhindert.} (9. O-O Nc6 10. f4 Be6 11. Nd5 (11. b3 Qd7 12. Bb2 Bh3 13. e5 $5
dxe5 14. fxe5 Nxe5 15. Qxd7 Bxd7 16. Nd5 Nc6 17. Nef4 $44) 11... Qd7 12. Qd3
Bh3 13. Bd2 Bxg2 14. Kxg2 Rad8 15. Rad1 e6 $11) 9... Nc6 10. O-O e5 (10... Ne8
11. Be3 Nc7 12. f4 Rb8) 11. f4 (11. Bg5 Be6 12. Nd5 Qd7 13. Kh2 Rf7 (13... Nd4
$11) 14. Qd2 Raf8 15. f3 Kh8 16. Rad1 Ng8 $11 {[%cal Gh7h6,Gc6d4]}) (11. Nd5)
11... Nd4 (11... exf4 $5 12. gxf4 Nh5 13. Be3 Nd4 $1 (13... Qh4 $6 14. Bf2 Qd8
15. Qd2 $14) 14. Nxd4 cxd4 15. Bxd4 Bxd4+ (15... Nxf4 16. Bxg7 Kxg7 17. Nd5 $1
Nxd5 (17... Nxh3+ 18. Bxh3 Bxh3 19. Qd4+ Kg8 20. Nf6+ $16) 18. Qxd5 $14) 16.
Qxd4 Nxf4 17. c5 Qg5 18. Rxf4 Rxf4 19. cxd6 Bxh3 20. Qd5+ Qxd5 21. Nxd5 $13) {
[#]} 12. f5 $1 {[%mdl 4] Weiss opfert einen Bauern, aber nachfolgend bekommt
er dafür sehr aktives Figurenspiel und Initiative am Koenigsfluegel.} gxf5 13.
exf5 Nxf5 (13... Bxf5 14. Nxd4 cxd4 15. Rxf5 dxc3 16. bxc3 $14 {[%csl Gg2]})
14. Qd3 $1 $44 Nd4 (14... Ne7 15. Bg5 $36 {[%cal Ga1d1]}) 15. Bg5 Be6 (15...
Nxe2+ 16. Qxe2 Qe8 (16... Qb6 $2 17. Nd5 (17. Bxf6 Bxf6 18. Nd5 Qd8 19. Qh5 $18
) 17... Nxd5 18. Bxd5+ Kh8 19. Rxf8+ Bxf8 20. Qh5 $18 {[%csl Rh8]}) 17. Rad1
$36) (15... Qb6 16. Nxd4 cxd4 17. Nd5 Nxd5 18. Bxd5+ Kh8 19. Rxf8+ Bxf8 20.
Bf6+ Bg7 21. Bxg7+ Kxg7 22. Rf1 $18) (15... Qe8 16. Nxd4 cxd4 (16... exd4 17.
Rae1 Qh5 (17... Qd8 18. Nd5 $18) (17... Qg6 18. Qxg6 hxg6 19. Nb5 $16) 18. Bxf6
Bxf6 19. Nd5 Be5 20. g4 $14 (20. Ne7+ $6 Kg7 21. Rxf8 (21. Nxc8 Raxc8 22. Bxb7
Rxf1+ 23. Rxf1 Rb8 $13) 21... Kxf8 22. Nxc8 Rxc8 23. g4 Qg6)) 17. Nb5 Qd8 (
17... Qh5 18. Bxf6 Bxf6 19. g4 Qg6 20. Qxg6+ hxg6 21. Nxd6 Bg5 22. Nxc8 Raxc8
23. Bxb7 Rb8 24. Bd5+ $16) 18. Qa3 $16) 16. Ne4 {[%csl Ge4,Rf6,Gg2,Gg5][%cal
Gg5d8]} Rc8 17. N2c3 {[%cal Gc3d5]} Rc7 18. Bh4 $5 {[%cal Ge4g5,Gg5e6] Weiss
verzichtet auf den Qualitätsgewinn und zieht stattdessen die Erhöhung des
positionellen Drucks vor.} (18. Nxf6+ Bxf6 19. Rxf6 Rxf6 20. Ne4 Rcf7 21. Nxf6+
Rxf6 22. Bxf6 Qxf6 23. Rf1 $16) 18... Bf5 (18... h6 19. Nxf6+ Bxf6 20. Qg6+ Rg7
21. Rxf6 $18) 19. Nd5 {[%mdl 2048]} Rcf7 (19... Bxe4 20. Bxe4 $18 {[%cal Rd3h7]
}) 20. Rxf5 $1 {Mit diesem zeitweiligen Qualitaetsopfer gewinnt Weiss endlich
Material.} Nxf5 21. Nexf6+ Bxf6 22. Qxf5 Bxh4 23. Qg4+ Rg7 $2 (23... Kh8 24.
Qxh4 $16) (23... Bg5 $1 24. h4 Rg7 25. hxg5 Rxg5 $2 (25... Qxg5 26. Qxg5 (26.
Qe6+ $2 Kh8 27. Qxd6 Rf5 $5 $17 (27... Rfg8 28. Rf1 Qxg3 29. Rf2 $14)) 26...
Rxg5 27. Kh2 Rf2 28. b3 Kg7 $13) 26. Qh4 $16) 24. Qxh4 Qxh4 25. gxh4 Rf3 26.
Rf1 Rxf1+ $6 (26... Rxh3 27. Ne7+ Rxe7 28. Bxh3 $16) (26... Rfg3 27. Rf2) (
26... Rd3 $142) 27. Kxf1 $16 {Schwarz hat Turm und Bauern gegen zwei
Leichtfiguren und Weiss hat einen Doppelbauern auf der h-Linie. Andererseits
hat Schwarz wenige Chancen dieses Endspiel zu retten, da der weisse Springer
ausgezeichnet auf d5 steht und der schwarze Turm nicht aktiv ins Spiel kommen
kann.} Kf8 28. Ne3 Rf7+ 29. Ke2 b6 (29... Rf4 30. Bxb7 Rxh4 31. Bg2 $16) 30.
Be4 Ke7 (30... Rf4 31. Bxh7 Rxh4 32. Bf5 $16 {[%csl Gh3]}) 31. h5 Kd7 32. h6
Kd8 33. b3 Kd7 34. h4 Kd8 35. Nf5 Rf6 36. h5 b5 37. Kf3 $18 {Die Erscheinung
des weissen Koenigs am Koenigsfluegel entscheidet die Partie.} (37. cxb5 $2 d5
$132) 37... bxc4 38. bxc4 d5 {Dieser Zug hilft nicht, aber was kann Schwarz
verlieren?} (38... Kd7 39. Kg4 Rf7 40. Kg5 Rf8 41. Ne3 Rf7 42. Bg6 $1 $18) 39.
cxd5 Ra6 40. Ne3 Rxh6 (40... Rxa2 41. Bxh7 $18) 41. Kg4 Ra6 42. Bxh7 Rxa2 43.
Bc2 {[%csl Gh5]} Ra1 44. h6 Rh1 45. h7 a5 46. Ng2 {[%cal Gg2h4]} 1-0

[Event "Dortmund op-A"]
[Site "Dortmund"]
[Date "1992.??.??"]
[Round "10"]
[White "Pekarek, Ales"]
[Black "Piskov, Yury"]
[Result "1-0"]
[WhiteElo "2455"]
[BlackElo "2500"]
[Annotator "Ribli,Z"]
[PlyCount "103"]
[EventDate "1992.04.??"]
[EventType "swiss"]
[EventRounds "11"]
[EventCountry "GER"]
[SourceTitle "CBM 029"]
[Source "ChessBase"]
[SourceDate "1992.08.01"]
[SourceVersion "1"]
[SourceVersionDate "1992.08.01"]
[SourceQuality "1"]

1. Nf3 f5 2. c4 Nf6 3. Nc3 d6 4. g3 g6 5. Bg2 Bg7 6. O-O O-O 7. d3 Nc6 (7... e5
$5 8. Rb1 (8. e4 fxe4 9. dxe4 c5 10. Ne1 Bg4 11. f3 Be6 12. b3 Nc6 13. Nd3 Qd7
14. Be3 Nd4 15. Qd2 Rf7 16. Rae1 Raf8 17. Nd5 $13 {Haik,a-Santo Roman,M FRA-ch
1991 CBM/27}) 8... c6 $6 (8... a5 $5) 9. b4 Kh8 10. b5 Qc7 11. bxc6 bxc6 12.
Ba3 Rd8 13. Qa4 Nbd7 14. Ng5 $1 $16 {Schneider,Bl-Steffens,G Nettetal 1991 EXP/
21}) 8. Bd2 $5 (8. Rb1 Nh5 9. Bd2 f4 10. b4 Bg4 11. Nd5 e5 12. b5 Nb8 13. Ba5
b6 14. Bb4 a5 15. Ba3 Nd7 16. Nd2 Rc8 17. Ne4 Kh8 18. Kh1 Ndf6 19. Ndxf6 Nxf6
20. Bc1 $13 {Reich,T-Malaniuk,V Kecskemet Szechenyi 1991 CBM/26}) 8... h6 $6 (
8... e5 $5 9. Rb1 {-> A 26}) 9. Ne1 e5 10. Nc2 Be6 11. Ne3 Qd7 12. Ned5 Nh7 $6
13. Rc1 Nd8 $6 14. Qa4 $1 Nc6 $2 (14... Qxa4 15. Nxa4 Rf7 16. Ba5 $1 $14) 15.
e3 f4 $2 (15... g5 16. f4 $14) 16. exf4 Bh3 17. fxe5 Bxg2 18. Kxg2 dxe5 19. Ne4
$16 g5 20. f3 Rf7 21. Rf2 Rb8 22. Bc3 Nf8 23. b4 a6 24. b5 axb5 25. Qxb5 Ne6
26. a4 Qd8 27. Qb1 Ncd4 28. Rcf1 Nf5 {/\ c6} 29. Re1 Qd7 30. a5 c6 31. Nb6 Qc7
32. c5 Rbf8 33. Nc4 Nfd4 34. Ref1 g4 35. fxg4 Rxf2+ 36. Rxf2 Rxf2+ 37. Nxf2 (
37. Kxf2 $2 Qf7+ $44) 37... Nxc5 38. Qb6 Qf7 39. Qd8+ Kh7 40. Bxd4 $1 exd4 41.
Nd6 Qd5+ 42. Kg1 Nb3 43. Qd7 Qxa5 (43... Nxa5 44. Nfe4 $18) 44. Ne8 Qe5 45. Ne4
$18 Kg8 46. Qc8 Nc5 (46... Kh7 47. Qxb7 $18) 47. N8f6+ Kf7 48. Qg8+ Kg6 49. h4
Nxe4 50. Nxe4 h5 51. gxh5+ Qxh5 52. Qe6+ 1-0

[Event "Moscow ZSKS"]
[Site "Moscow"]
[Date "1992.??.??"]
[Round "?"]
[White "Shvedchikov, Anatoli I"]
[Black "Moskalenko, Viktor"]
[Result "1-0"]
[WhiteElo "2330"]
[BlackElo "2505"]
[Annotator "Ribli,Z"]
[PlyCount "57"]
[EventDate "1992.??.??"]
[EventType "tourn"]
[EventRounds "11"]
[EventCountry "RUS"]
[EventCategory "8"]
[SourceTitle "CBM 030"]
[Source "ChessBase"]
[SourceDate "1992.10.01"]
[SourceVersion "1"]
[SourceVersionDate "1992.10.01"]
[SourceQuality "1"]

1. c4 e6 2. Nf3 f5 3. g3 Nf6 4. Bg2 d5 $6 5. O-O Be7 (5... Bd6 $6 6. Nc3 c6 7.
d3 O-O 8. e4 $1 Bc7 9. cxd5 exd5 10. e5 Nfd7 11. d4 $16 {Vaganian,R-Piasetski,
L Toronto 1990 CBM/20}) 6. b3 (6. d3 O-O 7. Nc3 Kh8 8. e4 $1 fxe4 9. dxe4 d4
10. Ne2 c5 11. e5 Ne8 12. Nf4 $16 {Stohl,I-Keitlinghaus,L Prague Chip 1992 CBM/
27 53/8}) 6... O-O 7. Bb2 a5 8. a3 Nc6 (8... c6 9. d3 b6 10. Nbd2 Bb7 11. e4 $1
$14) 9. e3 Bd7 10. Nc3 Be8 11. Qc2 Qd7 12. cxd5 exd5 13. Na4 (13. Ne2 $5) 13...
Rd8 14. Rac1 Qc8 15. Qb1 Bh5 16. Qc2 Be8 17. Nc5 Bd6 18. Ng5 Ne4 19. Nce6 Nxg5
20. Nxg5 Be7 21. Nh3 Bf7 22. Nf4 $14 Bg5 23. Bf3 Bg6 24. Nxg6 hxg6 25. Bg2 Bf6
26. d4 Be7 27. Qd3 $1 Rd7 28. Qb5 $1 Rfd8 29. Rc2 $16 {(...)} 1-0

[Event "Cebu"]
[Site "Cebu"]
[Date "1992.??.??"]
[Round "7"]
[White "Mascarinas, Rico"]
[Black "Ye, Rongguang"]
[Result "0-1"]
[WhiteElo "2450"]
[BlackElo "2515"]
[Annotator "Ribli,Z"]
[PlyCount "66"]
[EventDate "1992.05.??"]
[EventType "tourn"]
[EventRounds "9"]
[EventCountry "PHI"]
[EventCategory "10"]
[SourceTitle "CBM 031"]
[Source "ChessBase"]
[SourceDate "1992.12.01"]
[SourceVersion "1"]
[SourceVersionDate "1992.12.01"]
[SourceQuality "1"]

1. Nf3 e6 2. g3 f5 3. Bg2 Nf6 4. O-O Be7 5. c4 O-O 6. b3 (6. Nc3 $5 d5 7. d3
Kh8 8. e4 $1 d4 9. Ne2 fxe4 10. dxe4 c5 11. e5 Ne8 12. Nf4 $16 {Stohl,
I-Keitlinghaus,L Prague Chip 1992 CBM/27}) 6... b6 $5 (6... c6 7. Bb2 d6 8. d4
Ne4 9. Nc3 $14 {Kochyev,A-Dahl,I Gausdal International 1991 CBM/25}) 7. Ne5 (7.
Bb2 $5 Bb7 8. Nc3 Qe8 9. d4 Ne4 10. d5 Bf6 11. Nd4 $14 {Stefansson,H-Tisdall,J
Reykjavik op 1990 EXP/18}) 7... c6 8. d4 Bb7 9. Nd2 Qc8 $1 (9... Qe8 10. Bb2 d5
11. Ndf3 Ne4 12. Nd3 Nd7 13. Rc1 g5 14. Nfe5 Nxe5 15. Nxe5 Rc8 16. f3 Nf6 17.
e3 Nd7 18. Nd3 a5 19. Qe2 Qg6 20. e4 $14 {Danailov,S-Schwab,R Wien op 1990 CBM/
21}) 10. Bb2 c5 $1 11. Bxb7 Qxb7 12. Ndf3 d6 13. Nd3 cxd4 14. Nxd4 Qd7 $13 15.
f3 Na6 16. Nb5 Nc5 17. Nxc5 bxc5 18. Qd3 Rab8 19. Nc3 (19. Rad1 $5) 19... d5
20. cxd5 exd5 21. Nd1 d4 $15 22. Rc1 f4 23. g4 h5 24. h3 hxg4 25. fxg4 Nxg4 $1
26. Qe4 (26. hxg4 Qxg4+ 27. Kh1 Rb6 $19) 26... Ne3 27. Rf3 Rbe8 28. Nf2 Bh4 29.
Qd3 Qe7 30. Kh1 Bg3 31. b4 Qh4 32. Rxc5 Bxf2 33. Qxd4 Rf7 0-1

[Event "Bundesliga 0203"]
[Site "Germany"]
[Date "2003.03.29"]
[Round "14.6"]
[White "Poldauf, Dirk"]
[Black "Hertneck, Gerald"]
[Result "0-1"]
[WhiteElo "2410"]
[BlackElo "2502"]
[Annotator "Ribli,Z"]
[PlyCount "76"]
[EventDate "2002.10.19"]
[EventType "team-tourn"]
[EventRounds "15"]
[EventCountry "GER"]
[SourceTitle "CBM 095"]
[Source "ChessBase"]
[SourceDate "2003.07.25"]
[SourceVersion "1"]
[SourceVersionDate "2003.07.25"]
[SourceQuality "1"]
[WhiteTeam "Neukoelln"]
[BlackTeam "Tegernsee"]
[WhiteTeamCountry "GER"]
[BlackTeamCountry "GER"]

1. c4 b6 2. Nc3 Bb7 3. e4 e6 4. Nge2 {Das ist eine selten gespielte
Fortsetzung. Die Hauptidee des Zugs besteht darin, dass Weiß den Angriff gegen
den e4-Bauern neutralisieren möchte, weil jetzt 4...Bb4 sinnlos wäre wegen 5.
a3. Andererseits scheint der Springerzug etwas unnatürlich zu sein.} Nf6 5. d3
d5 (5... c5 6. g3 d5 (6... Nc6 7. Bg2 d6 8. O-O Be7 9. h3 a6 10. f4 Rb8 11. Be3
Ba8 12. Qd2 b5 13. g4 O-O 14. g5 Nd7 15. b3 Re8 16. Ng3 Bf8 {0-1 Kelly,
B-Plaskett,J/Hastings 2000/CBM 74 ext (60)}) 7. exd5 exd5 8. Bg2 Qd7 9. O-O d4
10. Ne4 Nxe4 11. dxe4 Bd6 12. Bd2 O-O 13. Nc1 f5 14. Re1 $14 {0-1 Poldauf,
D-Jackelen,T/Germany 2002/EXT 2003 (83)}) 6. cxd5 exd5 7. e5 Nfd7 8. d4 c5 9.
f4 Nc6 10. Be3 {Weiß hat ein starkes Bauernzentrum - der einzige Nachteil der
weißen Stellung ist der e2N. Wäre der Springer statt auf e2 auf f3, wäre die
Stellung viel besser für Weiß. Jetzt hat der f1B ein Entwicklungsproblem.} Na5
$5 {[%cal Ga5c4][%mdl 4] Dieser Zug ist viel logischer als 10...cxd4, wonach
der passive e2N ins Spiel kommt.} (10... cxd4 11. Nxd4 Nxd4 12. Bxd4 Bc5 13.
Be2 O-O 14. O-O Qe7 15. Bf3 Rad8 16. Re1 Bxd4+ 17. Qxd4 $14 {0-1 Franco
Ocampos,Z-Arizmendi Martinez,J/Cala Mendia, Mallorca 2001/CBM 86 (31)}) 11. Ng3
(11. b3 Rc8 12. dxc5 Bxc5 (12... bxc5 13. Nxd5 Nxe5 14. Nec3 $16) 13. Bxc5 bxc5
14. Nxd5 Nxe5 $13) 11... h5 $5 $13 {[%cal Gh5h4]} (11... Nc6 12. dxc5 d4 13.
Bxd4 Nxd4 14. Qxd4 Bxc5 15. Qd2 Qh4 16. O-O-O O-O-O 17. Bd3 $16) (11... cxd4
12. Bxd4 Nc6) 12. h4 (12. dxc5 Nc4 (12... Bxc5 13. Bxc5 bxc5 14. Nf5 $16) 13.
Bxc4 dxc4 $44 {[%cal Gb7h1]}) 12... Rc8 13. Be2 cxd4 14. Bxd4 (14. Qxd4 Nc4
$132) 14... Nc6 15. e6 Nc5 $8 (15... fxe6 $2 16. Bxh5+ Ke7 17. Nxd5+ exd5 18.
Nf5+ Ke6 19. Qe2+ $18) 16. exf7+ (16. f5 $13) 16... Kxf7 17. Bxh5+ Kg8 $44 {
Schwarz hat einen Bauern weniger, aber der weiße König steht unsicher auf e1
und Schwarz hat ausgezeichnete taktische Gegenchancen.} 18. Bf3 (18. Bxc5 Bxc5
19. Qxd5+ Qxd5 20. Nxd5 Rxh5 21. Nxh5 Re8+ 22. Kd2 (22. Kf1 Ba6#) 22... Rd8 $19
) 18... Nxd4 19. Qxd4 Ne4 $1 {[%csl Gb7,Gf8][%cal Gf8c5][%mdl 2048] Schwarz
hat aktives Figurenspiel - es droht jetzt 20...Bc5.} 20. Bxe4 (20. Ngxe4 dxe4
21. Qxd8 Rxd8 22. Rd1 Rxd1+ 23. Bxd1 Bc5 $44 {[%csl Gb7,Gc5]}) 20... dxe4 21.
O-O-O (21. Qxd8 Rxd8 22. Rd1 Rd3 $44) 21... Qxd4 22. Rxd4 e3 {[%cal Gb7h1]
Schwarz öffnet die Diagonale des b7-Läufers.} 23. Nf5 $6 (23. Nge4 b5 $44)
23... Rh5 $1 $36 {Mit diesem Zug gelangt auch der schwarze Königsturm ins
Spiel.} 24. Nxe3 (24. Ng3 Ra5 $36) 24... Bc5 25. Rd3 Ba6 {[%csl Ga6,Gc5][%cal
Gc8c1,Gh5a5,Ra6d3] Auf diese Weise gewinnt Schwarz die Qualitaet.} 26. Kd2 Bxd3
27. Kxd3 {Materiell steht Weiß nicht schlecht - er hat zwei Bauern für die
Qualität. Aber Schwarz hat Angriff und die weißen Springer haben keine
Stützpunkte.} Rd8+ 28. Ke2 Re8 {[%csl Re3][%cal Re8e2]} 29. Ncd1 (29. Rh3 Bxe3
30. Rxe3 Rxe3+ 31. Kxe3 Rxh4 $17) 29... Rd5 {Jetzt droht 30...Rxd1 mit
Figurengewinn.} 30. Kf3 Rd2 {Droht einfach 31...Bxe3 und 32...Rxb2.} 31. Nc4
Rd3+ 32. Kg4 Re2 {[%csl Gc5,Gd3,Ge2,Rg4]} 33. Ne5 (33. g3 Rg2 $17) 33... Rxg2+
34. Kf5 Rd6 35. Nc3 (35. h5 Rgd2 $17) 35... g6+ 36. Ke4 Rxb2 37. Nd5 $2 {
Mit diesem Zug verliert Weiß eine Figur.} (37. h5 $17) 37... Re2+ $19 38. Kd3
Rxe5 0-1

[Event "RUS-Cup03 Geller Memorial"]
[Site "Moscow"]
[Date "1999.02.10"]
[Round "1"]
[White "Poluljahov, Aleksandr"]
[Black "Korobov, Ilya"]
[Result "1-0"]
[WhiteElo "2566"]
[BlackElo "2372"]
[Annotator "Ribli,Z"]
[PlyCount "81"]
[EventDate "1999.02.10"]
[EventType "swiss"]
[EventRounds "9"]
[EventCountry "RUS"]
[SourceTitle "CBM 070"]
[Source "ChessBase"]
[SourceDate "1999.06.08"]
[SourceVersion "1"]
[SourceVersionDate "1999.06.08"]
[SourceQuality "1"]

{[%mdl 16400]} 1. Nf3 f5 {Mit diesem Zug möchte Schwarz die Symmetrie brechen.
Ribli.} 2. g3 (2. e4 fxe4 3. Ng5 d5 4. d3 {Dieses Gambit führt zu unklarem
Spiel.}) 2... Nf6 3. Bg2 g6 4. O-O Bg7 5. c4 d6 6. Nc3 O-O 7. d3 {Mit dieser
Fortsetzung vermeidet Weiß theoretische Hauptvarianten.} (7. d4 {führt zur
Leningrader Variante der Holländischen Verteidigung.}) 7... Nc6 8. Rb1 a5 {
Schwarz verhindert soforiges b2-b4 und wenn Weiß später wie in der Partie
b2-b4 durchsetzt, bekommt er die halboffene a-Linie.} (8... e5 9. b4 $14) 9. a3
h6 (9... e6 10. b4 Qe7 11. b5 Nd8 12. a4 b6 13. Ba3 Bb7 14. Qb3 Nf7 15. d4 Kh8
16. c5 Rad8 17. Rbc1 Nd5 18. e3 Nxc3 19. Rxc3 Bd5 20. cxd6 cxd6 21. Qc2 Be4 22.
Qe2 Qb7 23. Rfc1 Rc8 24. Ne1 {1-0 Lakdawala,C-Longren,W/Irvine 1998/EXT 99 (38)
}) (9... Nh5 $5 10. Bd2 (10. Qc2 f4 11. b4 axb4 12. axb4 Bg4 13. e3 e5 14. Ne2
fxg3 15. fxg3 Qd7 16. b5 Nd8 17. Nc3 Ne6 18. Bd2 Nc5 19. Ng5 Bh6 20. Nge4 Nxe4
21. Nxe4 {1-0 Cherniak,L-Savchenko,S/Simferopol 1990/EXT 97 (44)}) 10... e5 (
10... f4 11. b4 axb4 12. axb4 Bg4 13. b5 Nd4 14. e3 fxe3 15. fxe3 Nxf3+ 16.
Bxf3 Bxf3 17. Rxf3 Qd7 18. Qe2 $13 {0-1 Vandevoort,P-Gurevich,M/Gent 1995/EXT
98 (24)}) 11. b4 axb4 12. axb4 f4 13. b5 Ne7 14. Qb3 c6 (14... Kh8 $5) 15. bxc6
bxc6 16. c5+ d5 17. Na4 Bg4 18. Nb6 Rb8 19. Bc3 Bxf3 20. exf3 Nf5 21. Qa4 {
1-0 De Bruycker,B-Kotmans,R/NLD-chT9596 1995/EXT 99 (46)}) (9... Kh8 10. b4 Ng4
11. b5 Nce5 12. Qc2 Rb8 13. Nd5 b6 14. Bg5 Rf7 15. Rfe1 h6 16. Bd2 g5 17. h3
Nf6 18. Nd4 {1-0 Kuech,H-Schmidt,L/OLO-B 1993/GER (46)}) 10. b4 axb4 11. axb4
g5 $6 {Schwarz spielt auf sofortigen Bauernsturm am Königsflügel, aber es gibt
kein gutes Feld für seinen Springer c6. Die natürliche Alternative wäre viel
besser.} (11... e5 {Dieser natürliche Zug wäre die beste Möglichkeit für
Schwarz. In diesem Fall haben wir eigentlich eine Stellung, wohlbekannt aus
der Sizilianischen Verteidigung, aber mit vertauschten Farben.} 12. b5 Ne7 13.
Bb2 Be6 14. Ra1 Qd7 $11 {Weiß hat etwas Initiative am Damenflügel, aber die
schwarze Stellung ist fest.}) 12. b5 Ne5 13. Nxe5 dxe5 {Diese Struktur,
Doppelbauern auf e7 und e5, ist aus der Holländischen Verteidigung bekannt.
Dort steht der weiße Bauer allerdings auf d5 und nicht auf d3.} 14. Bb2 $14 {
[%cal Gb2g7,Gg2b7] Weiß hat eine harmonische Stellung. Besonders seine zwei
Läufer stehen aktiv. Die schwarze Bauernmasse auf e5, f5 und g5 ist nur
scheinbar gefährlich. Schwarz hat keine rellen Angriffschancen am Königsflügel.
} f4 {[%csl Ye4]} 15. Ra1 {Das ist der Nachteil des 8. schwarzen Zuges. Weiß
kann die Herrschaft über die a-Linie erringen.} Rb8 (15... Rxa1 16. Qxa1 {
[%cal Ga1e5]}) 16. Ra7 {[%csl Ga7][%cal Gg2b7]} fxg3 (16... Ng4) 17. hxg3 Ng4
18. Nd5 {[%csl Gd5] Der weiße Springer steht ausgezeichnet und lähmt die
schwarze Stellung.} (18. Ne4 Qe8 {[%cal Re8h5,Rh5h2]}) 18... Be6 (18... Qe8 19.
f3 Nf6 20. Nxc7 $18) 19. Qd2 {Weiß bereitet 20.Ne3 vor, um die einzige aktive
schwarze Figur zu tauschen.} Rf7 (19... c6 20. bxc6 bxc6 21. Nxe7+ $18 {
[%cal Re7g8,Re7c6,Rc6d8,Rc6b8]}) 20. Ne3 $16 c6 (20... Nxe3 21. Qxe3 $16 {
[%csl Rb7,Re5]}) 21. Nxg4 Bxg4 22. Qe3 {[%csl Re5] Statt auf c6 zu nehmen,
verhindert Weiß erstmal ...Qb6 und bedroht e5.} (22. bxc6 bxc6 23. Bxc6 Qb6 (
23... Rxb2 24. Qxb2 e4 25. Qb7 $18) 24. Ra8 Rxa8 25. Bxa8 $16) 22... Qd6 (22...
cxb5 $2 23. cxb5 {[%csl Rb7,Re5]}) 23. Ba3 (23. Rfa1 $16) 23... Qf6 24. bxc6
bxc6 25. Ra6 {[%csl Rc6][%cal Ra6c6] Schwarz hat eine katastrophale
Bauernstruktur und daher keine Hoffnung auf Gegenspiel.} Rc8 (25... Bd7 26. Bd5
{[%cal Rd5g8,Ga6f6]} e6 27. Bxc6 $18) 26. Rb1 {[%cal Gb1b7]} (26. Bd5 Be6 27.
Bxc6 Bxc4 28. Bb5 Bxb5 29. Rxf6 exf6 $14 {Das Läuferpaar bietet dem Schwarzen
noch Rettungschancen.}) 26... Bd7 27. Rb7 {[%csl Ga6,Gb7]} Be8 28. Ra5 {
[%csl Re5]} e6 29. Rxf7 (29. Rb6 $16) 29... Bxf7 30. Bb2 {[%csl Re5]} Qd8 31.
Ra6 {[%csl Rc6,Re5]} (31. Rxe5 Rb8 (31... Bxe5 32. Qxe5 $18 {[%csl Rg8][%cal
Rb2h8]}) (31... Qd6) 32. Bd4 $5) 31... Qd6 32. c5 Qb8 33. Rb6 {[%csl Gb6,Rc6,
Re5]} Qa7 34. Bxe5 {Endlich nimmt Weiß auf e5. Schwarz hat keinerlei
Gegenchancen.} (34. Bxc6 $16) 34... Bf8 (34... Bxe5 35. Qxe5 $16 {[%csl Rc6,
Rg8] ist eigentlich nur Zugumstellung.}) 35. Bd4 {[%cal Re3e5,Rd4h8]} Bg7 (
35... Qc7 36. Rxc6 $18) 36. Bxg7 Kxg7 37. Qe5+ Kg8 38. Rxc6 $18 {Weiß besitzt
zwei Mehrbauern und steht daher auf Gewinn.} Rf8 39. Be4 {[%csl Rg8]} Qa5 40.
Kg2 Qe1 41. Rc7 {[%cal Re4g6] und Schwarz gab seine hoffnungslose Stellung auf.
} (41. Rc7 Qxe2 42. Bh7+ $18 {[%cal Re5e2,Rh7g8]}) 1-0